000 01041nam a2200277 a 4500
001 14231
003 BD-RjUL
005 20211208235607.0
008 140205t1956 us 001 0 eng d
035 _a(BD-RjUL)14283
040 _aDLC
_beng
_cDLC
_dBD-RjUL
041 _aeng
082 0 4 _216
_a634.908
_bWOR 1956
245 0 2 _aA world geography of forest resources /
_cedited for the American Geographical society by stephen haden-guest ; john K. wright; Eileen M. teclaff.
260 _aNew York :
_bRonald Press Co,
_cc1956.
300 _axvii, 736 P. :
_billus. ;
_c26 cm.
490 1 _aSpecial publication / American Geographical Society ;
_vno.33
504 _aincludes index.
650 0 _aForests and forestry
_xGeographical distribution.
_944461
700 1 _aTeclaff, Eileen M.
_9227127
700 1 _aWright, John Kirtland,
_d1891-1969.
_9227128
700 1 _aHaden-Guest, Stephen.
_9227129
830 0 _vno. 33
_9227130
830 0 _aSpecial publication (American Geographical Society of New York) ;
_9227131
942 _2ddc
_cBK
999 _c14231
_d14231